Welcome to the Holygrace Academy Library

Please use search bar below to get started

CARS (Record no. 8723)

MARC details
000 -LEADER
fixed length control field 00307nam a22001457a 4500
020 ## - INTERNATIONAL STANDARD BOOK NUMBER
ISBN 1-40547-216-2
082 ## - DEWEY DECIMAL CLASSIFICATION NUMBER
Classification number 823
Item number PAP/C
100 ## - MAIN ENTRY--AUTHOR NAME
Personal name PAPADEMETRIOU, LISA
245 ## - TITLE STATEMENT
Title CARS
246 ## - VARYING FORM OF TITLE
Title proper/short title CARS
Remainder of title CARS
260 ## - PUBLICATION, DISTRIBUTION, ETC. (IMPRINT)
Place of publication U K
Name of publisher PARRAGON BOOKS
Year of publication 2006
300 ## - PHYSICAL DESCRIPTION
Number of Pages 123
650 ## - SUBJECT ADDED ENTRY--TOPICAL TERM
Topical Term ENGLISH FICTION
942 ## - ADDED ENTRY ELEMENTS (KOHA)
Koha item type Books
Holdings
Withdrawn status Lost status Collection code Home library Current library Shelving location Date acquired Source of acquisition Cost, normal purchase price Full call number Accession Number Koha item type
    Fiction Main Library Main Library SHELF 4-G FAIRY TALES,COMICS 28/10/2019 PURCHASED 30.00 823 PAP/C 11796 Books